Höfuðborgir í Evrópu - Statistics

General Stats
  • This quiz has been taken 15 times
  • The average score is 25 of 51
Answer Stats
Hint Answer % Correct
Hvíta-Rússland Minsk
100%
Hollandi Amsterdam
80%
Belgía Brussel
80%
Finnlandi Helsinki
80%
Danmörk Kaupmannahöfn
80%
Bretland London
80%
Noregur Ósló
80%
Ísland Reykjavík
80%
Svíþjóð Stokkhólmur
80%
Eistland Tallinn
80%
Albanía Tirana
80%
Austurríki Vín
80%
Andorra Andorra la Vella
60%
Tyrkland Ankara
60%
Grikkland Aþena
60%
Þýskalandi Berlín
60%
Sviss Bern
60%
Ungverjaland Búdapest
60%
Írland Dublin
60%
Úkraína Kyiv
60%
Slóvenía Ljubljana
60%
Lúxemborg Lúxemborg
60%
Spánn Madrid
60%
Frakklandi París
60%
Tékkland Prag
60%
Ítalía Róm
60%
Bosnía og Hersegóvína Sarajevo
60%
Búlgaría Sofia
60%
Pólland Varsjá
60%
Vatíkanið Vatíkanið
60%
Króatía Zagreb
60%
Aserbaídsjan Bakú
40%
Slóvakíu Bratislava
40%
Rúmenía Búkarest
40%
Portúgal Lissabon
40%
Mónakó Mónakó
40%
Lettland Riga
40%
San Marínó San Marínó
40%
Norður Makedónía Skopje
40%
Serbía Belgrad
20%
Kýpur Nikósía
20%
Kosovo Pristina
20%
Malta Valletta
20%
Litháen Vilnius
20%
Kasakstan Astana
0%
Moldóva Chisinau
0%
Armenía Jerevan
0%
Rússland Moskvu
0%
Svartfjallaland Podgorica
0%
Georgíu Tíblisi
0%
Liechtenstein Vaduz
0%
No matching quizzes found
Score Distribution
Percent of People with Each Score
Percentile by Number Answered
Your Score History
You have not taken this quiz